Statistics for Countries by Neighbor - With Clues!

Click here to take the quiz!

General Stats

  • This quiz has been taken 16 times
  • The average score is 15 of 21

Answer Stats

HintAnswer% Correct
Largest CountryRussia
100%
Hosted the 2022 OlympicsChina
92%
Capital Starts With HFinland
92%
Created IKEASweden
85%
Starts With UUkraine
85%
Attacked the USA on September Eleventh 2001Afghanistan
77%
Flag is "🇦🇲"Armenia
77%
An ally of RussiaBelarus
77%
Is Known for PotatoesLatvia
77%
Starts with AAzerbaijan
69%
Least Populated Baltic CountryEstonia
69%
Has an Island With The Population of RussiaIndonesia
69%
Has Many Lakes and MarchesLithuania
69%
Has the Same Flag As ChadRomania
69%
Only Country To Lose Population Since 1950Bulgaria
62%
Has Changed Names Many TimesCambodia
54%
Home to the singer "Ebi"Iran
54%
Split Between Mainland and IslandMalaysia
54%
Has the Name of an AnimalTurkey
54%
Was Formerly Split in HalfVietnam
54%
Has an Abbreviation of an Image TypePapua New Guinea
31%

Score Distribution

Percentile by Number Answered

Percent of People with Each Score

Your Score History

You have not taken this quiz